Effect of Different Age and Height of Root Stock on Success of Soft Wood Grafting in Different Cultivators of Mango (Mangifera Indica L.) (Record no. 50260)
[ view plain ]
| 000 -LEADER | |
|---|---|
| fixed length control field | 00497nam a22001577a 4500 |
| 003 - CONTROL NUMBER IDENTIFIER | |
| control field | OSt |
| 008 - FIXED-LENGTH DATA ELEMENTS--GENERAL INFORMATION | |
| fixed length control field | 260429b |||||||| |||| 00| 0 eng d |
| 082 ## - DEWEY DECIMAL CLASSIFICATION NUMBER | |
| Classification number | 634.44 |
| Item number | M29E |
| 100 ## - MAIN ENTRY--PERSONAL NAME | |
| Personal name | Mandal, Jagannath |
| 245 ## - TITLE STATEMENT | |
| Title | Effect of Different Age and Height of Root Stock on Success of Soft Wood Grafting in Different Cultivators of Mango (Mangifera Indica L.) |
| 260 ## - PUBLICATION, DISTRIBUTION, ETC. (IMPRINT) | |
| Place of publication, distribution, etc | Pusa, Samastipur |
| Name of publisher, distributor, etc | RAU |
| Date of publication, distribution, etc | 2009 |
| 300 ## - PHYSICAL DESCRIPTION | |
| Extent | 70P. |
| 502 ## - DISSERTATION NOTE | |
| Degree type | Msc. |
| Year degree granted | 2010 |
| 650 ## - SUBJECT ADDED ENTRY--TOPICAL TERM | |
| Topical term or geographic name as entry element | Fruit & Fruit Technology |
| 942 ## - ADDED ENTRY ELEMENTS (KOHA) | |
| Source of classification or shelving scheme | |
| Koha item type | Thesis |
| Withdrawn status | Lost status | Source of classification or shelving scheme | Damaged status | Not for loan | Home library | Current library | Date acquired | Total Checkouts | Full call number | Barcode | Date last seen | Bill Date | Koha item type |
|---|---|---|---|---|---|---|---|---|---|---|---|---|---|
| Dr. Rajendra Prasad Central Agricultural University Pusa, | Dr. Rajendra Prasad Central Agricultural University Pusa, | 29/04/2026 | 634.44 M29E | 61604 | 29/04/2026 | 29/04/2026 | Thesis |